| 000 | 01311cam a2200289 4500 | ||
|---|---|---|---|
| 001 | ABS65537 | ||
| 008 | 020610n2002 000 0 eng u | ||
| 035 | _a(Sirsi) u118341 | ||
| 100 | _aVivian, J | ||
| 245 | _aPlease re-lease me | ||
| 260 | _c2002 | ||
| 490 |
_aProperty Week _v67(18) 10 May 2002, 38-39(2) |
||
| 520 | _aLooks at the issues that need to be addressed when a landlord wants to add new conditions onto an existing lease or a tenant wants to renew even though intending to move on. Considers the options open to each side and examines recent cases illustrating the problems and options available. The Landlord and Tenant (Covenants) Act 1995 has made lease renewals more difficult for landlords although recent cases have shown that the tenant does not always get his own way. | ||
| 590 | _aABS | ||
| 650 | _aLANDLORDS | ||
| 650 | _aTENANTS | ||
| 650 | _aLEASE RENEWALS | ||
| 650 | _aLANDLORD AND TENANT (COVENANTS) ACT 1995 | ||
| 650 | _aWALLIS FASHIONS GROUP LTD V GENERAL ACCIDENT LIFE ASSURANCE SOCIETY | ||
| 650 | _aHAZEL V AKHTAR | ||
| 650 | _aSINGLE HORSE PROPERTIES V SURREY CC | ||
| 650 | _aSUN LIFE ASSURANCE PLC V THALES TRACS LTD | ||
| 650 | _aBARCLAYS BANK V BEE | ||
| 650 | _aAMBROSE V KAYE | ||
| 690 | _aLANDLORD AND TENANT-BUSINESS TENANCIES | ||
| 942 | _n0 | ||
| 999 |
_c70438 _d70438 |
||